Básnické dílo / Fridrich Bridel ; [k vydání připravil a předmluvu napsal Milan Kopecký]
Record details
- ISBN: 80-85639-22-X
- Physical Description: 445 s. : il. ; 21 cm
- Publisher: Praha : Torst : 1994
Content descriptions
| General Note: | Frontispis Zdobený tit. list 1200 výt. Vyd. u příležitosti 375. výročí narození F. Bridela Pozn. Vysvětl. Výkladový slovníček |
| Bibliography, etc. Note: | Incipity písní |
Search for related items by subject
| Subject: | Bridel, Bedřich, 1619-1680 česká poezie > 1620-1780 |
| Genre: | studie česká poezie |
Search for related items by series
Available copies
- 1 of 1 copy available at Common Catalog SPOK.
Holds
- 0 current holds with 1 total copy.
Show Only Available Copies
| Location | Call Number / Copy Notes | Barcode | Shelving Location | Status | Due Date |
|---|---|---|---|---|---|
| Jabok Library | BL-3/B | 424480044044 | Odborná literatura | Available | - |
Electronic resources
Version of Resource: Digitalizovaný dokument
| LDR | 01749nam a2200493 4500 | ||
|---|---|---|---|
| 001 | 51860 | ||
| 003 | CZ-PrJAB | ||
| 005 | 20090605180715.0 | ||
| 007 | tu | ||
| 008 | 960215s1994 xr a e 000 p cze | ||
| 015 | . | ‡acnb000100476 | |
| 020 | . | ‡a80-85639-22-X ‡q(TORST ; ‡qváz.) : ‡cKč 125,00 | |
| 035 | . | ‡a(CZ PrNK)np9428297 | |
| 035 | . | ‡a(OCoLC)31041113 | |
| 040 | . | ‡aABA001 ‡bcze | |
| 043 | . | ‡ae-xr--- | |
| 045 | . | ‡au5u8 | |
| 072 | 7. | ‡a821.162.3-1 ‡xČeská poezie ‡2Konspekt ‡925 | |
| 080 | . | ‡a821.162.3-1 ‡2MRF | |
| 080 | . | ‡a821.162.3-1.09 ‡2MRF | |
| 080 | . | ‡a(048.8) ‡2MRF | |
| 100 | 1 | . | ‡aBridel, Bedřich, ‡d1619-1680 ‡7jk01013116 ‡4aut |
| 245 | 1 | 0. | ‡aBásnické dílo / ‡cFridrich Bridel ; [k vydání připravil a předmluvu napsal Milan Kopecký] |
| 260 | . | ‡aPraha : ‡bTorst : ‡bSocietas, ‡c1994 ‡e([Havlíčkův Brod] : ‡fTiskárny Havlíčkův Brod) | |
| 300 | . | ‡a445 s. : ‡bil. ; ‡c21 cm | |
| 490 | 1 | . | ‡aStudium ; ‡vsv. 43 |
| 500 | . | ‡aFrontispis | |
| 500 | . | ‡aZdobený tit. list | |
| 500 | . | ‡a1200 výt. | |
| 500 | . | ‡aVyd. u příležitosti 375. výročí narození F. Bridela | |
| 500 | . | ‡aPozn. | |
| 500 | . | ‡aVysvětl. | |
| 500 | . | ‡aVýkladový slovníček | |
| 504 | . | ‡aIncipity písní | |
| 600 | 1 | 7. | ‡aBridel, Bedřich, ‡d1619-1680 ‡7jk01013116 ‡2czenas |
| 648 | 4. | ‡a1650-1680 | |
| 650 | 0 | 7. | ‡ačeská poezie ‡7ph150471 ‡y1620-1780 ‡2czenas |
| 655 | 7. | ‡astudie ‡7fd133597 ‡2czenas | |
| 655 | 7. | ‡ačeská poezie ‡7fd133958 ‡2czenas | |
| 700 | 1 | . | ‡aKopecký, Milan, ‡d1925-2006 ‡7jk01061680 ‡4edt ‡4aui |
| 830 | 0. | ‡aStudium | |
| 856 | 4 | 1. | ‡uhttp://krameriusndk.nkp.cz/search/handle/uuid:a27576c0-041c-11e4-9789-005056827e52 ‡yDigitalizovaný dokument |
| 910 | . | ‡aABG312 | |
| 995 | . | ‡aska | |
| 901 | . | ‡a51860 ‡bAUTOGEN ‡c51860 ‡tbiblio | |